000 00727nam a22002177a 4500
999 _c882
_d882
003 AR-CdUCM
008 190225b ||||| |||| 00| 0 spa d
040 _aMUNICIPALIDAD PROVINCIAL DEL CUSCO
_cBIBLIOTECA MUNICIPAL DEL CUSCO
082 _a869.56 /
_bR52
100 _aRibeyro, Eduardo Enrique
_93383
245 _aArca de Noe Siglo XX y otros cuentos /
_cRibeyro, Eduardo Enrique
260 _aLima :
_bgrafica ribeyro´s,
300 _a119 paginas ;
_c15cm.
505 _aLa comision -- La bruja -- Tragica imitacion -- De pico a pico -- zash...
650 _aHistoria
_9136
650 _aCuentos
_9217
650 _aSiglo XX
_98
650 _aPor la puerta Falsa
_93384
942 _2ddc
_cLIBROS
945 _apjha
_d2019-02-25